000 01138cam a2200277 a 4500
999 _c127883
_d127883
001 725678
003 ARRUPE
005 20180411093404.0
008 980326s1998 enk b 001 0 eng
010 _a 98018648
020 _a041506340X (hc. : alk. paper)
020 _a0415063418 (pbk. : alk. paper)
040 _aDLC
_cDLC
_dDLC
050 0 0 _aJC311
_b.S5388 1998
082 0 0 _a320.54/01
_221
100 1 _aSmith, Anthony D.
_910329
245 1 0 _aNationalism and modernism :
_ba critical survey of recent theories of nations and nationalism /
_cAnthony D. Smith.
260 _aLondon ;
_aNew York :
_bRoutledge,
_c1998.
300 _axiv, 270 p. ;
_c25 cm.
504 _aIncludes bibliographical references (p. [244]-263) and index.
650 0 _aNationalism.
_941357
906 _a7
_bcbc
_corignew
_d1
_eocip
_f19
_gy-gencatlg
942 _2lcc
_cMONOGRAPH